[Event "ICS rated standard match"]
[Site "204.178.125.65"]
[Date "2001.09.01"]
[Round "?"]
[White "Hossa"]
[Black "diep"]
[Result "1-0"]
[WhiteElo "2240"]
[BlackElo "2330"]
[PlyCount "103"]
[EventDate "2001.??.??"]

1. e4 d6 2. Nc3 g6 3. d4 Bg7 4. Nf3 Bg4 5. Be3 Nf6 6. h3 Bc8 7. Bd3 Nc6 8. d5
Nb8 9. Qd2 O-O 10. O-O-O c6 11. Bh6 Bxh6 12. Qxh6 Nbd7 13. Ng5 Qb6 14. Rd2 Nc5
15. f4 Qc7 16. Re1 e5 17. fxe5 dxe5 18. Rf1 Ne6 19. Rxf6 Nxg5 20. Qxg5 Bd7 21.
d6 Qb6 22. Qxe5 Rae8 23. Qf4 Be6 24. Qg5 Qd8 25. e5 a6 26. h4 Qd7 27. h5 Kh8
28. hxg6 fxg6 29. Bxg6 Ra8 30. Qh6 Qg7 31. Qxg7+ Kxg7 32. Rxe6 hxg6 33. Re7+
Rf7 34. Rxf7+ Kxf7 35. Ne4 Rh8 36. Rf2+ Ke6 37. Ng5+ Kxe5 38. Nf7+ Ke6 39. Nxh8
Kxd6 40. Nf7+ Kc7 41. Kd2 a5 42. Kd3 a4 43. Kd4 Kc8 44. Nd6+ Kc7 45. Ke5 Kb6
46. Rf7 Ka5 47. Kd4 g5 48. Nxb7+ Kb6 49. Nc5 Kb5 50. Rb7+ Ka5 51. g4 a3 52. b4#
{diep checkmated} 1-0

[Event "ICS rated blitz match"]
[Site "204.178.125.65"]
[Date "2001.09.01"]
[Round "?"]
[White "nyul"]
[Black "Hossa"]
[Result "0-1"]
[WhiteElo "2099"]
[BlackElo "2579"]
[PlyCount "94"]
[EventDate "2001.??.??"]

1. e4 e6 2. d4 d5 3. exd5 exd5 4. Bd3 Bd6 5. Nf3 Nf6 6. O-O O-O 7. Re1 Nc6 8.
c3 Re8 9. Bg5 Rxe1+ 10. Qxe1 Bd7 11. Nbd2 Be6 12. Qe2 h6 13. Bh4 Qe7 14. Re1
Bf4 15. Bg3 Bxg3 16. hxg3 Re8 17. Ne5 Nxe5 18. Qxe5 Qd8 19. Qf4 Bd7 20. Rxe8+
Nxe8 21. Nf3 g5 22. Qe3 Nd6 23. Ne5 f6 24. Nf3 Kg7 25. Nd2 Qg8 26. Qe7+ Qf7 27.
Qxf7+ Kxf7 28. f3 f5 29. Kf2 Kf6 30. Nf1 Be6 31. Ne3 h5 32. Ke2 b6 33. b4 a5
34. a3 a4 35. Kf2 c6 36. Ke2 Bf7 37. Kf2 Bg6 38. Nf1 f4 39. Bxg6 Kxg6 40. Nd2
Nf5 41. gxf4 gxf4 42. Ke2 Ne3 43. g3 Nc2 44. gxf4 Nxa3 45. Nf1 Nc4 46. Ng3 a3
47. f5+ Kf7 {nyul resigns} 0-1

[Event "ICS rated blitz match"]
[Site "204.178.125.65"]
[Date "2001.09.01"]
[Round "?"]
[White "Hossa"]
[Black "nyul"]
[Result "1-0"]
[WhiteElo "2581"]
[BlackElo "2097"]
[PlyCount "56"]
[EventDate "2001.??.??"]

1. e4 e5 2. Nf3 Nc6 3. Bb5 a6 4. Ba4 Nf6 5. O-O Be7 6. Bxc6 dxc6 7. Nc3 Bg4 8.
h3 Bxf3 9. Qxf3 Qd7 10. Qg3 Qe6 11. d3 O-O-O 12. Rb1 Bc5 13. b4 Bd4 14. Rb3 Nh5
15. Qf3 Qg6 16. Ne2 Bb6 17. Be3 Bxe3 18. Qxe3 Kb8 19. a4 Qf6 20. b5 cxb5 21.
axb5 a5 22. b6 c6 23. Ra3 Qd6 24. Rxa5 Nf4 25. Nxf4 exf4 26. Qf3 Kc8 27. Qg4+
Qe6 28. Qxf4 Qd6 {nyul resigns} 1-0

[Event "ICS rated blitz match"]
[Site "204.178.125.65"]
[Date "2001.09.01"]
[Round "?"]
[White "Hossa"]
[Black "star2"]
[Result "0-1"]
[WhiteElo "2583"]
[BlackElo "2756"]
[PlyCount "145"]
[EventDate "2001.??.??"]

1. e4 d5 2. exd5 Qxd5 3. Nc3 Qa5 4. d4 Nf6 5. Nf3 Nc6 6. Bb5 Bd7 7. O-O O-O-O
8. a4 a6 9. Bxc6 Bxc6 10. Ne5 Be8 11. Ne2 Nd7 12. Bd2 Qd5 13. Nf3 Nb6 14. b3 e6
15. c4 Qf5 16. Ng3 Qg6 17. a5 Nd7 18. b4 Qd3 19. Qc1 h5 20. Re1 Nf6 21. Ra3 Qh7
22. Qb2 h4 23. Ne2 Qf5 24. Ne5 h3 25. g3 Ng4 26. Nf4 Nxf2 27. Kxf2 g5 28. Rf3
gxf4 29. Rxf4 Qh7 30. Kg1 Bh6 31. Rh4 Qg7 32. Rg4 Qh7 33. Bxh6 Qxh6 34. Rf4 Qg7
35. Ref1 Rf8 36. Qc3 f6 37. Qf3 fxe5 38. Rxf8 exd4 39. Qe4 Qg6 40. Qe5 Kb8 41.
R8f2 d3 42. Rd2 Qg8 43. Rf6 Bf7 44. Qe3 Qg7 45. Rf1 Bg6 46. b5 axb5 47. cxb5 e5
48. a6 e4 49. a7+ Ka8 50. b6 c6 51. Ra2 Bh5 52. Rff2 Be2 53. Raxe2 dxe2 54.
Rxe2 Rd1+ 55. Kf2 Qf6+ 56. Qf4 Qd4+ 57. Qe3 Qa1 58. Re1 Rxe1 59. Qxe1 Qb2+ 60.
Ke3 Qxh2 61. Kxe4 Qb2 62. Qf1 Qg2+ 63. Qf3 c5 64. g4 c4 65. Kf4 Qxf3+ 66. Kxf3
c3 67. Ke3 h2 68. Kd3 h1=Q 69. Kxc3 Qc6+ 70. Kd4 Qxb6+ 71. Ke5 Kxa7 72. Kf5 Qd4
73. g5 {Hossa resigns} 0-1

[Event "ICS rated blitz match"]
[Site "204.178.125.65"]
[Date "2001.09.01"]
[Round "?"]
[White "Hadoken"]
[Black "Hossa"]
[Result "1-0"]
[WhiteElo "2785"]
[BlackElo "2574"]
[PlyCount "96"]
[EventDate "2001.??.??"]

1. e4 c6 2. d4 d5 3. Nc3 b5 4. a3 dxe4 5. Nxe4 Nf6 6. Nxf6+ exf6 7. Nf3 Bd6 8.
Be2 O-O 9. O-O Re8 10. a4 bxa4 11. Rxa4 Qc7 12. Re1 Be6 13. c4 Nd7 14. c5 Be7
15. h4 Rab8 16. Qd2 Bb3 17. Qa5 Qxa5 18. Rxa5 Rb7 19. Ba6 Rbb8 20. Bd3 Rb7 21.
Be4 Nb8 22. Bf4 Bd5 23. Bxd5 cxd5 24. Bxb8 Rexb8 25. h5 Kf8 26. Ra2 g5 27. Re2
Kg7 28. Nh2 Kh6 29. g4 f5 30. Ra6+ f6 31. f3 fxg4 32. fxg4 Re8 33. Nf1 Kg7 34.
Ne3 Bf8 35. c6 Rc7 36. Nxd5 Rxe2 37. Nxc7 Re4 38. Nb5 Rxg4+ 39. Kf2 f5 40.
Rxa7+ Kh6 41. Ra8 Bd6 42. Nxd6 Kxh5 43. c7 Rxd4 44. c8=Q Rxd6 45. Qxf5 Rd2+ 46.
Kg3 Rd3+ 47. Qxd3 Kh6 48. Rg8 g4 {Hossa resigns} 1-0

[Event "ICS rated blitz match"]
[Site "204.178.125.65"]
[Date "2001.09.01"]
[Round "?"]
[White "Hossa"]
[Black "Hadoken"]
[Result "0-1"]
[WhiteElo "2567"]
[BlackElo "2792"]
[PlyCount "101"]
[EventDate "2001.??.??"]

1. e4 c5 2. Nf3 e6 3. Bc4 Nc6 4. Nc3 a6 5. O-O b5 6. Be2 Nf6 7. d3 d6 8. Bf4 b4
9. Na4 Be7 10. Nd2 O-O 11. Nc4 e5 12. Nab6 Be6 13. Nxa8 Bxc4 14. dxc4 exf4 15.
Qd2 Nd4 16. Rfe1 Qxa8 17. f3 Nd7 18. Bd1 Nb6 19. Qd3 Nc6 20. Rb1 Ne5 21. Qd2
Bh4 22. Rf1 Nexc4 23. Qxf4 Bf6 24. Be2 Bxb2 25. Rfd1 Be5 26. Qc1 a5 27. Bxc4
Nxc4 28. Rd3 Bd4+ 29. Kh1 f5 30. exf5 Rxf5 31. Qe1 Re5 32. Qf1 Qe8 33. Rxd4 Ne3
34. Rdxb4 axb4 35. Qd3 Nxc2 36. Rg1 Nd4 37. Qc4+ Qe6 38. Qxe6+ Rxe6 39. h3 Re2
40. Ra1 Nc2 41. Rf1 c4 42. Kh2 Ne1 43. Kg3 c3 44. Rf2 Rxf2 45. Kxf2 c2 46. Kxe1
c1=Q+ 47. Ke2 Qc2+ 48. Ke3 Qxg2 49. h4 Qxa2 50. f4 b3 51. f5 {Hossa resigns}
0-1

[Event "ICS rated blitz match"]
[Site "204.178.125.65"]
[Date "2001.09.01"]
[Round "?"]
[White "Hadoken"]
[Black "Hossa"]
[Result "1-0"]
[WhiteElo "2799"]
[BlackElo "2560"]
[PlyCount "100"]
[EventDate "2001.??.??"]

1. e4 c5 2. Nf3 e6 3. d4 cxd4 4. Nxd4 d6 5. Nc3 Nc6 6. Bc4 Nf6 7. Nxc6 bxc6 8.
O-O Be7 9. Bf4 e5 10. Be3 O-O 11. Qe2 d5 12. exd5 cxd5 13. Nxd5 Nxd5 14. Rfd1
Be6 15. Bxd5 Bxd5 16. c4 Bxc4 17. Qxc4 Qb8 18. b3 Rd8 19. Rd5 Rxd5 20. Qxd5 Qf8
21. Rc1 Ba3 22. Rb1 Bd6 23. h3 a6 24. Rd1 Bc7 25. Qc6 Ba5 26. Rd5 Be1 27. Rxe5
Bb4 28. Qf3 Rc8 29. Rd5 Qe7 30. Qg4 Rc2 31. Qf5 Rc7 32. Qd3 Qf6 33. Rd8+ Bf8
34. b4 Rc3 35. Qd5 Qe7 36. Bc5 Rc1+ 37. Kh2 Rxc5 38. bxc5 g5 39. c6 g4 40. hxg4
h6 41. Qa5 Qh4+ 42. Kg1 Kg7 43. Qc3+ Qf6 44. Qxf6+ Kxf6 45. Rxf8 Ke7 46. c7
Kxf8 47. c8=Q+ Ke7 48. Qxa6 Kd7 49. Qb7+ Ke6 50. a4 Kd6 {Hossa resigns} 1-0

[Event "ICS rated standard match"]
[Site "204.178.125.65"]
[Date "2001.09.01"]
[Round "?"]
[White "Expert13"]
[Black "Hossa"]
[Result "1-0"]
[WhiteElo "2319"]
[BlackElo "2260"]
[PlyCount "134"]
[EventDate "2001.??.??"]

1. d4 Nf6 2. Nf3 c6 3. Bf4 d6 4. h3 Qb6 5. b3 c5 6. dxc5 Qxc5 7. c4 g6 8. Nc3
Bg7 9. Rc1 Bf5 10. Be3 Qa5 11. Bd2 Qd8 12. Nd4 Be4 13. e3 Nc6 14. Nde2 Bd3 15.
Nf4 Bxf1 16. Kxf1 O-O 17. g3 e6 18. Kg2 d5 19. cxd5 exd5 20. Qf3 d4 21. exd4
Qxd4 22. Be3 Qe5 23. Rhd1 Qa5 24. Nd3 Rac8 25. Bc5 Rfd8 26. b4 Qc7 27. Nb5 Qb8
28. Nf4 Rxd1 29. Rxd1 Re8 30. Nd6 Rd8 31. b5 Ne5 32. Qe2 Nfd7 33. Bb4 b6 34.
Bc3 h5 35. Kg1 h4 36. gxh4 Rf8 37. h5 Qd8 38. Ng2 Qc7 39. Bb2 Qc5 40. Kh1 g5
41. h6 Bh8 42. Ne4 Qe7 43. Qe3 Re8 44. Qxg5+ Qxg5 45. Nxg5 f6 46. Ne4 Nc5 47.
Nxc5 bxc5 48. Bxe5 Rxe5 49. Rd7 Rh5 50. Rxa7 Rxh3+ 51. Kg1 Rxh6 52. b6 f5 53.
b7 Be5 54. f4 Bc7 55. Ra8+ Kg7 56. Rc8 Bd6 57. Rd8 Rh8 58. Rxd6 Rb8 59. Rb6 c4
60. Ne3 Kf7 61. a4 c3 62. a5 Re8 63. b8=Q Rxe3 64. Qd6 Rg3+ 65. Kh2 Kg8 66.
Kxg3 c2 67. Rb7 c1=Q {Hossa resigns} 1-0

[Event "ICS rated blitz match"]
[Site "204.178.125.65"]
[Date "2001.09.01"]
[Round "?"]
[White "Hossa"]
[Black "Expert13"]
[Result "1-0"]
[WhiteElo "2574"]
[BlackElo "2561"]
[PlyCount "133"]
[EventDate "2001.??.??"]

1. e4 e5 2. Nf3 Nc6 3. d4 exd4 4. Nxd4 Nf6 5. Nc3 Bb4 6. Nxc6 bxc6 7. Bd2 O-O
8. Bd3 Re8 9. f3 d5 10. O-O Rb8 11. Qc1 dxe4 12. fxe4 Ng4 13. Qe1 Bd6 14. h3
Nh2 15. Rf2 Qh4 16. Bc4 Be6 17. Bxe6 Rxe6 18. Rf5 Qxe1+ 19. Rxe1 g6 20. Ra5 Re5
21. Na4 Rxa5 22. Bxa5 Re8 23. Bc3 Bf4 24. Nc5 Bg3 25. Rd1 h5 26. Nd7 Re6 27.
Nf6+ Kf8 28. Rd3 h4 29. a3 Rd6 30. Bb4 c5 31. Bxc5 Ke7 32. Nd5+ Kd7 33. Bxd6
cxd6 34. Rc3 Ke6 35. Rc7 Ke5 36. Rxa7 Kxe4 37. Nc3+ Kf5 38. Rxf7+ Ke6 39. Rg7
Kf6 40. Rc7 Ke6 41. Ne4 Be5 42. b4 Kf5 43. Nd2 g5 44. Nc4 Bg3 45. Re7 Kf6 46.
Rd7 g4 47. Rxd6+ Bxd6 48. Nxd6 Ke6 49. Nb5 g3 50. c4 Ke5 51. a4 Ke6 52. Nc7+
Kd7 53. Nd5 Kd6 54. a5 Ke5 55. a6 Kd4 56. a7 Kxc4 57. a8=Q Kd3 58. Nf4+ Ke3 59.
Ne6 Kd3 60. Qd5+ Kc2 61. Qc4+ Kd2 62. Qd4+ Kc2 63. Qe3 Kb1 64. Nd4 Ka1 65. Qa3+
Kb1 66. Qb3+ Kc1 67. Qc2# {Expert13 checkmated} 1-0

[Event "ICS rated blitz match"]
[Site "204.178.125.65"]
[Date "2001.09.01"]
[Round "?"]
[White "Expert13"]
[Black "Hossa"]
[Result "1-0"]
[WhiteElo "2546"]
[BlackElo "2589"]
[PlyCount "138"]
[EventDate "2001.??.??"]

1. d4 Nf6 2. Nf3 c6 3. Bf4 d6 4. h3 Qb6 5. b3 c5 6. dxc5 Qxc5 7. c4 g6 8. Nc3
Bg7 9. Rc1 Bf5 10. Be3 Qa5 11. Bd2 Qd8 12. Nd4 Be4 13. e3 Nc6 14. Nde2 Bd3 15.
Nf4 Bxf1 16. Kxf1 O-O 17. g3 e6 18. Kg2 d5 19. cxd5 exd5 20. Qf3 d4 21. exd4
Qxd4 22. Be3 Qe5 23. Rhe1 Qa5 24. Nd3 Nd7 25. Na4 Rfd8 26. Nac5 Nxc5 27. Nxc5
Qxa2 28. Nxb7 Ne5 29. Qe4 f5 30. Qb4 Rd7 31. Nc5 Rf7 32. Bf4 Nc6 33. Qc4 Na5
34. Qd5 Raf8 35. Bd6 f4 36. Bxf8 fxg3 37. Ne4 gxf2 38. Rf1 Qxb3 39. Qxb3 Nxb3
40. Rb1 Kxf8 41. Rxb3 Bd4 42. Rd3 Bb6 43. Nxf2 a5 44. Ng4 Rxf1 45. Kxf1 g5 46.
Rf3+ Kg7 47. Rf5 a4 48. Rxg5+ Kf7 49. Rb5 Bd8 50. Ne5+ Kf6 51. Nc4 Be7 52. Nb6
Ba3 53. Nxa4 Bc1 54. Kf2 Bf4 55. Nc5 Kg6 56. Ne4 Bc7 57. Rg5+ Kf7 58. Kf3 Bd8
59. Re5 Kg6 60. Kg4 Kg7 61. h4 Kg6 62. h5+ Kg7 63. Re8 Bb6 64. Re7+ Kf8 65.
Rxh7 Ba5 66. h6 Bb6 67. Rd7 Ba5 68. h7 Bc3 69. Nd6 Bh8 {Hossa resigns} 1-0

[Event "ICS rated blitz match"]
[Site "204.178.125.65"]
[Date "2001.09.01"]
[Round "?"]
[White "Hossa"]
[Black "Tinker"]
[Result "1-0"]
[WhiteElo "2571"]
[BlackElo "2399"]
[PlyCount "103"]
[EventDate "2001.??.??"]

1. e4 c5 2. Bc4 e6 3. Nf3 d6 4. O-O Nf6 5. Nc3 Be7 6. d3 Nc6 7. Bd2 O-O 8. Qe2
Na5 9. Rfd1 Nxc4 10. dxc4 e5 11. Bg5 h6 12. Bxf6 Bxf6 13. Nb5 Bg4 14. Rxd6 Qe7
15. Rd5 a6 16. Nd6 Rfd8 17. Rad1 b6 18. h3 Be6 19. R5d3 Qf8 20. Qd2 Ra7 21. b4
Rad7 22. a3 Rc7 23. b5 a5 24. Qc1 Be7 25. Nf5 Bxf5 26. Rxd8 Bxd8 27. exf5 e4
28. Nd2 Bg5 29. h4 Bf4 30. g3 Be5 31. Nxe4 Re7 32. Re1 Kh8 33. f6 gxf6 34. Rd1
Re6 35. Nd2 Qg7 36. Nf1 f5 37. Rd8+ Kh7 38. Qd1 Bf6 39. Rd7 Bxh4 40. Qh5 Be7
41. Qxf5+ Kg8 42. Rb7 Qf8 43. Ne3 Rf6 44. Qh5 Re6 45. Nf5 Bg5 46. f4 Bd8 47.
Kf1 a4 48. Rb8 Rd6 49. Ra8 Kh8 50. Nxd6 Qxd6 51. Qe5+ Qxe5 52. Rxd8+ {
Tinker resigns} 1-0

[Event "ICS rated blitz match"]
[Site "204.178.125.65"]
[Date "2001.09.01"]
[Round "?"]
[White "Hossa"]
[Black "RivalChess"]
[Result "1-0"]
[WhiteElo "2582"]
[BlackElo "2374"]
[PlyCount "149"]
[EventDate "2001.??.??"]

1. e4 d5 2. exd5 Qxd5 3. Nf3 Nc6 4. Nc3 Qd6 5. d4 Bf5 6. Nb5 Qe6+ 7. Ne5 Qc8 8.
Nxc6 bxc6 9. Nc3 Qd7 10. Bc4 Rd8 11. Be3 Rb8 12. b3 e6 13. O-O Bb4 14. Ne2 Kf8
15. c3 Bd6 16. Bg5 h6 17. Bh4 Ne7 18. Bxe7+ Qxe7 19. Ng3 Bxg3 20. fxg3 c5 21.
d5 Re8 22. Qf3 Kg8 23. Rae1 h5 24. Bb5 Bg4 25. Qf4 Rb8 26. Bc6 c4 27. Qxc4 e5
28. Qd4 exd4 29. Rxe7 d3 30. h3 Be6 31. dxe6 fxe6 32. Rxc7 g6 33. Rff7 Rh6 34.
Rg7+ Kh8 35. Rxa7 h4 36. Rgd7 hxg3 37. Rxd3 g5 38. Ra8 Rxa8 39. Bxa8 e5 40.
Rxg3 Ra6 41. Bb7 Rxa2 42. Rxg5 Re2 43. Rg4 Rb2 44. Bd5 Rb1+ 45. Kf2 Rc1 46.
Rg8+ Kh7 47. Rc8 Kg7 48. g3 Rc2+ 49. Kf3 Rd2 50. Rc7+ Kf6 51. Rc6+ Ke7 52. Ke4
Re2+ 53. Kd3 Re1 54. Ra6 Rd1+ 55. Kc4 Rg1 56. Rg6 Ke8 57. g4 Kd8 58. h4 Re1 59.
Rg7 e4 60. h5 e3 61. h6 Re2 62. Rg8+ Kc7 63. h7 Rh2 64. h8=Q Rxh8 65. Rxh8 Kd6
66. Rh6+ Kd7 67. Rh7+ Kd8 68. Kd3 Ke8 69. Kxe3 Kd8 70. Ke4 Kc8 71. Be6+ Kd8 72.
Ke5 Ke8 73. Bd5 Kf8 74. Kd6 Ke8 75. Rh8# {RivalChess checkmated} 1-0

[Event "ICS rated blitz match"]
[Site "204.178.125.65"]
[Date "2001.09.01"]
[Round "?"]
[White "RivalChess"]
[Black "Hossa"]
[Result "0-1"]
[WhiteElo "2367"]
[BlackElo "2589"]
[PlyCount "104"]
[EventDate "2001.??.??"]

1. e4 e6 2. Nf3 d5 3. exd5 exd5 4. Be2 Bd6 5. O-O Nf6 6. d4 O-O 7. Bg5 Re8 8.
Nc3 c6 9. Qd2 Bf5 10. Nh4 Be6 11. Bd3 h6 12. Bxf6 Qxf6 13. Nf3 Bg4 14. Be2 Bf4
15. Qd3 Na6 16. a3 Re6 17. Rfb1 Rae8 18. Kh1 Nc7 19. a4 Qe7 20. h3 Bh5 21. Bf1
Bd6 22. g3 Bxg3 23. fxg3 Re3 24. Qf5 Bxf3+ 25. Bg2 Ne6 26. Bxf3 Nxd4 27. Qh5
Rxf3 28. Rd1 Rxc3 29. Rxd4 Rxc2 30. Rf4 Qe1+ 31. Rf1 Qd2 32. Qxf7+ Kh8 33. Qf2
Qxf2 34. Rxf2 Rxf2 35. b4 Re3 36. Rg1 Ree2 37. Rc1 Rh2+ 38. Kg1 Reg2+ 39. Kf1
Rxg3 40. Re1 Rh1+ 41. Kf2 Rxe1 42. Kxg3 Re4 43. Kf2 Rf4+ 44. Kg2 d4 45. Kg3 Rf6
46. a5 d3 47. a6 bxa6 48. h4 d2 49. Kh2 d1=Q 50. Kh3 Qh1+ 51. Kg3 Qg1+ 52. Kh3
Rf3# {RivalChess checkmated} 0-1

[Event "ICS Rated standard match"]
[Site "204.178.125.65"]
[Date "2001.09.02"]
[Round "?"]
[White "Hossa"]
[Black "Tinker"]
[Result "1/2-1/2"]
[WhiteElo "2247"]
[BlackElo "2347"]
[PlyCount "363"]
[EventDate "2001.??.??"]

1. e4 c5 2. Nf3 d6 3. Bb5+ Bd7 4. Bxd7+ Nxd7 5. O-O Ngf6 6. Re1 e6 7. c3 Be7 8.
d4 O-O 9. e5 Ne8 10. exd6 Nxd6 11. Bf4 Qb6 12. d5 Rae8 13. b3 exd5 14. Qxd5 Nf6
15. Qd3 Qc6 16. Na3 Nh5 17. Be5 f6 18. Bxd6 Bxd6 19. Rxe8 Rxe8 20. Rd1 Bf8 21.
Qc4+ Qe6 22. g3 f5 23. Rd7 Qxc4 24. Nxc4 Re7 25. Rxe7 Bxe7 26. Na5 b6 27. Nc6
Bf6 28. Nxa7 Bxc3 29. Nc8 f4 30. Nxb6 fxg3 31. fxg3 Nf6 32. Kf2 h6 33. a4 Kf7
34. Ke3 Ke6 35. Kd3 Ba5 36. Nc4 Bd8 37. a5 Nd5 38. Ne1 Be7 39. Nc2 Nc7 40. Ke4
h5 41. N2e3 g5 42. Nb6 Bd8 43. Nec4 h4 44. gxh4 gxh4 45. Na4 Na6 46. Nab2 h3
47. Nd3 Bc7 48. Nf2 Bxh2 49. Nxh3 Bg3 50. Ng5+ Kf6 51. Nf3 Nc7 52. Ne3 Ke6 53.
Kd3 Bf4 54. Ng2 Bd6 55. Nd2 Kd5 56. Ne4 Bf8 57. Nf4+ Kc6 58. Kc4 Nb5 59. Ne6
Na3+ 60. Kc3 Be7 61. a6 Nb5+ 62. Kc4 Na3+ 63. Kd3 Nb5 64. Nf4 Bf8 65. Nd5 Bg7
66. Ne7+ Kb6 67. Kc4 Na3+ 68. Kd5 Kxa6 69. Nc6 Nb5 70. Kxc5 Bf8+ 71. Kd5 Kb6
72. Ne5 Be7 73. Nc5 Nc7+ 74. Kc4 Ne8 75. Na4+ Kc7 76. Nc3 Nd6+ 77. Kd5 Nb7 78.
Nb5+ Kb6 79. Nd4 Nc5 80. b4 Ne4 81. Nc4+ Kc7 82. Kxe4 Bxb4 83. Kd5 Kd8 84. Nf5
Ke8 85. Ke6 Kf8 86. Ne5 Kg8 87. Nf3 Kh8 88. Kf7 Be1 89. Ng5 Bh4 90. Ne6 Kh7 91.
Nf8+ Kh8 92. Kg6 Kg8 93. Ne6 Kh8 94. Nf4 Kg8 95. Nd5 Kh8 96. Kf7 Kh7 97. Nc3
Kh8 98. Ke6 Kg8 99. Ne4 Kh8 100. Nc5 Kg8 101. Nd3 Kh8 102. Kf7 Kh7 103. Ne5 Kh8
104. Nc6 Kh7 105. Ncd4 Kh8 106. Nh6 Kh7 107. Ng4 Kh8 108. Kg6 Kg8 109. Ne6 Kh8
110. Nc5 Kg8 111. Nd7 Kh8 112. Ne3 Kg8 113. Nf5 Kh8 114. Nd6 Kg8 115. Nf7 Bg5
116. Nfe5 Kh8 117. Nb6 Kg8 118. Nd5 Kh8 119. Nd7 Kg8 120. Nc7 Kh8 121. Ne5 Kg8
122. Ne6 Kh8 123. Kf7 Kh7 124. Nc5 Kh8 125. Ne4 Kh7 126. Nc6 Kh8 127. Nd4 Kh7
128. Nf5 Kh8 129. Nc5 Kh7 130. Ng3 Kh8 131. Nge4 Kh7 132. Nxg5+ Kh8 133. Nh3
Kh7 134. Ng1 Kh8 135. Ne2 Kh7 136. Ng3 Kh8 137. Nh1 Kh7 138. Nf2 Kh8 139. Ng4
Kh7 140. Nf6+ Kh8 141. Nh5 Kh7 142. Nf4 Kh8 143. Ng6+ Kh7 144. Nf8+ Kh8 145.
Nfe6 Kh7 146. Ng7 Kh8 147. Nf5 Kh7 148. Nh4 Kh8 149. Ng2 Kh7 150. Ne1 Kh8 151.
Nf3 Kh7 152. Nh2 Kh8 153. Nf1 Kh7 154. Nd2 Kh8 155. Nde4 Kh7 156. Nc3 Kh8 157.
Nd1 Kh7 158. Ne3 Kh8 159. Nc2 Kh7 160. Nd4 Kh8 161. Ndb3 Kh7 162. Nc1 Kh8 163.
N1d3 Kh7 164. Ne5 Kh8 165. Nc4 Kh7 166. Nd6 Kh8 167. Ne8 Kh7 168. Nc7 Kh8 169.
Nd5 Kh7 170. Ne7 Kh8 171. Ng8 Kh7 172. Kf8 Kh8 173. Nh6 Kh7 174. Ng4 Kh8 175.
Nh2 Kh7 176. Nf1 Kh8 177. Ng3 Kh7 178. Nh1 Kh8 179. Nf2 Kh7 180. Nh3 Kh8 181.
Ng1 Kh7 182. Ne2 {Game drawn by the 50 move rule} 1/2-1/2

[Event "ICS rated standard match"]
[Site "204.178.125.65"]
[Date "2001.09.02"]
[Round "?"]
[White "Hossa"]
[Black "Golem"]
[Result "0-1"]
[WhiteElo "2251"]
[BlackElo "2528"]
[PlyCount "130"]
[EventDate "2001.??.??"]

1. e4 e6 2. d4 d5 3. Nd2 Nc6 4. Ngf3 Nf6 5. e5 Nd7 6. Be2 f6 7. exf6 Qxf6 8.
Nb3 Bd6 9. Bg5 Qf7 10. Be3 O-O 11. O-O Nf6 12. Ng5 Qe8 13. f4 h6 14. Nh3 Bd7
15. Nf2 Ne7 16. Bd3 a5 17. g3 a4 18. Nd2 a3 19. Rb1 Nf5 20. Re1 axb2 21. Rxb2
b6 22. c3 Ba3 23. Rc2 g6 24. Qe2 Kh7 25. Nb3 Qf7 26. Bc1 Bd6 27. Nd2 c5 28. Nf3
c4 29. Bxf5 exf5 30. Rb2 Ra6 31. Ne5 Qg7 32. Bd2 Ne4 33. Reb1 Bc7 34. Be1 Ra3
35. Qf3 Rfa8 36. Qg2 Rxa2 37. Nxe4 Rxb2 38. Ng5+ hxg5 39. Rxb2 Ra5 40. Nxd7
Qxd7 41. fxg5 Ra1 42. Qh3+ Kg8 43. Re2 b5 44. Qh6 Qf7 45. Qh4 Bd6 46. Kg2 Ra8
47. Bf2 b4 48. cxb4 Bxb4 49. Kg1 Bd6 50. Re1 c3 51. Re2 Rc8 52. Rc2 Qe6 53. Qh3
Qe4 54. Qh6 f4 55. Re2 Qf5 56. g4 Qxg4+ 57. Kf1 Qf5 58. Be1 f3 59. Re3 c2 60.
Bd2 c1=Q+ 61. Bxc1 Rxc1+ 62. Kf2 Qc2+ 63. Kxf3 Rf1+ 64. Kg4 Qg2+ 65. Kh4 Rf4# {
Hossa checkmated} 0-1

[Event "ICS rated blitz match"]
[Site "204.178.125.65"]
[Date "2001.09.02"]
[Round "?"]
[White "Hossa"]
[Black "RAFFAELE"]
[Result "0-1"]
[WhiteElo "2569"]
[BlackElo "2269"]
[PlyCount "99"]
[EventDate "2001.??.??"]

1. e4 g6 2. d4 Bg7 3. c4 d6 4. Nc3 Nc6 5. d5 Nd4 6. Nge2 c5 7. Nxd4 Bxd4 8. Be2
Bg7 9. O-O Nf6 10. Bf4 O-O 11. Re1 Nd7 12. Qd2 a6 13. Bh6 Rb8 14. Bxg7 Kxg7 15.
Qf4 Ne5 16. Qg3 f6 17. f4 Nf7 18. Bg4 Bxg4 19. Qxg4 b5 20. cxb5 axb5 21. Qh4 b4
22. Nd1 b3 23. a4 Rb4 24. a5 Qd7 25. Nc3 Ra8 26. Ra3 Ra6 27. Re3 Qa7 28. Rg3
Rxa5 29. Rh3 h6 30. Rxa5 Qxa5 31. Qe1 Ra4 32. Qe2 Ra1+ 33. Nd1 c4 34. g4 Qc5+
35. Kg2 Qd4 36. Nf2 Rc1 37. f5 Rc2 38. Qe1 Ne5 39. fxg6 Nd3 40. Rxd3 cxd3 41.
Kg3 Re2 42. Qf1 Qe3+ 43. Kg2 d2 44. Qxe2 Qxe2 45. Kg3 Qxf2+ 46. Kxf2 d1=Q 47.
g5 Qc2+ 48. Ke3 fxg5 49. h4 Qxb2 50. hxg5 {Hossa resigns} 0-1

[Event "ICS rated blitz match"]
[Site "204.178.125.65"]
[Date "2001.09.02"]
[Round "?"]
[White "Hossa"]
[Black "RAFFAELE"]
[Result "1-0"]
[WhiteElo "2548"]
[BlackElo "2290"]
[PlyCount "38"]
[EventDate "2001.??.??"]

1. e4 g6 2. d4 Bg7 3. Nf3 d6 4. Bc4 Nf6 5. Nc3 O-O 6. O-O Nxe4 7. Nxe4 d5 8.
Bd3 dxe4 9. Bxe4 c5 10. dxc5 Qc7 11. Qd5 Rd8 12. Qc4 Be6 13. Qb5 Bd5 14. Bxd5
Rxd5 15. Qe8+ Bf8 16. Ng5 e6 17. Ne4 Rd8 18. Qb5 Nd7 19. Bg5 Rdc8 {
RAFFAELE resigns} 1-0

[Event "ICS rated blitz match"]
[Site "204.178.125.65"]
[Date "2001.09.02"]
[Round "?"]
[White "Hossa"]
[Black "RAFFAELE"]
[Result "1-0"]
[WhiteElo "2560"]
[BlackElo "2278"]
[PlyCount "133"]
[EventDate "2001.??.??"]

1. e4 g6 2. d4 Bg7 3. c4 d6 4. Nc3 Nc6 5. d5 Nd4 6. Nge2 c5 7. Nxd4 Bxd4 8. Be2
Bg7 9. O-O Nf6 10. Bf4 Nd7 11. Qd2 h6 12. a3 a6 13. b3 Ne5 14. Rfe1 g5 15. Bg3
Ng6 16. Bh5 O-O 17. Qc2 Qa5 18. Re3 b5 19. Qc1 bxc4 20. bxc4 Ne5 21. Be2 Rb8
22. Rb1 Bd7 23. h4 gxh4 24. Bxh4 Ng6 25. Bg3 Rxb1 26. Nxb1 Rb8 27. Bh2 Qb6 28.
Bd3 Qb2 29. Qf1 Ba4 30. Re2 Qd4 31. Re1 Rb2 32. Re3 Bc2 33. Nd2 Bxd3 34. Rxd3
Rxd2 35. Rxd4 Bxd4 36. Bg3 h5 37. e5 dxe5 38. Qc1 Ra2 39. Qg5 Rxa3 40. Kh2 a5
41. Qxh5 a4 42. Qe2 Ra1 43. Kh3 a3 44. Kg4 Rc1 45. Qa2 Bb2 46. Qb3 Rc3 47. Qa4
Rd3 48. Kf5 Kg7 49. Qb5 Bd4 50. Qa6 Rb3 51. Qa4 Rc3 52. f3 Rd3 53. Qc2 Rc3 54.
Qa4 Rd3 55. Qc2 Rc3 56. Qa4 Rd3 57. Qc2 Rc3 58. Qa4 Rd3 59. Qc2 Rc3 60. Qa4 Rd3
61. Qc2 Rc3 62. Qa2 Rd3 63. Bh2 Bb2 64. Bg1 Rd1 65. Bxc5 Nh4+ 66. Kg5 Ng6 67.
Bxa3 {RAFFAELE resigns} 1-0

[Event "ICS rated standard match"]
[Site "204.178.125.65"]
[Date "2001.09.02"]
[Round "?"]
[White "Expert13"]
[Black "Hossa"]
[Result "1-0"]
[WhiteElo "2355"]
[BlackElo "2246"]
[PlyCount "101"]
[EventDate "2001.??.??"]

1. d4 d6 2. e4 g6 3. Nc3 a6 4. Nf3 Bg7 5. Be2 e6 6. O-O Ne7 7. Bf4 O-O 8. Qd2
Nbc6 9. Bh6 f5 10. Bxg7 Kxg7 11. Rfe1 Kh8 12. Qh6 Ng8 13. Qe3 fxe4 14. Nxe4
Nge7 15. c3 Nf5 16. Qd2 Bd7 17. g4 Nfe7 18. Qh6 Ng8 19. Qh3 Rf4 20. Bd1 e5 21.
Nh4 Kg7 22. Ng2 Rf8 23. dxe5 dxe5 24. Bf3 Qe7 25. Rad1 Be6 26. b4 Bxa2 27. Nc5
Qf7 28. Rd7 Nge7 29. Nh4 Be6 30. Rxc7 Bd5 31. Re3 b6 32. Nd7 e4 33. Nxf8 Rxf8
34. c4 Nxb4 35. Qg3 Qf6 36. Bxe4 Bc6 37. Bg2 Rf7 38. g5 Qa1+ 39. Bf1 Kf8 40.
Qd6 Nbd5 41. Qd8+ Kg7 42. Rexe7 Nxe7 43. Rxe7 Ba4 44. Nf3 Qa3 45. Rxf7+ Kxf7
46. Ne5+ Kg7 47. Qf6+ Kg8 48. Ng4 Qf8 49. Nh6+ Qxh6 50. gxh6 Be8 51. Qg7# {
Hossa checkmated} 1-0

[Event "ICS rated blitz match"]
[Site "204.178.125.65"]
[Date "2001.09.02"]
[Round "?"]
[White "Hossa"]
[Black "tincho"]
[Result "1-0"]
[WhiteElo "2553"]
[BlackElo "2139"]
[PlyCount "39"]
[EventDate "2001.??.??"]

1. e4 c5 2. Bc4 d6 3. Nf3 Nc6 4. O-O Nf6 5. d3 e6 6. Bf4 Be7 7. e5 dxe5 8. Nxe5
Nxe5 9. Bxe5 Bd7 10. Nc3 O-O 11. Qf3 Bc6 12. Qg3 b6 13. Bb5 Bxb5 14. Nxb5 Qd7
15. Nc7 Rac8 16. a4 Rfd8 17. a5 b5 18. Rfe1 g6 19. Qf3 Qc6 20. Qxc6 {
tincho resigns} 1-0